LEADER 01104nam--2200373---450 001 990001749720203316 005 20210209082149.0 035 $a000174972 035 $aUSA01000174972 035 $a(ALEPH)000174972USA01 035 $a000174972 100 $a20040611d1981----km-y0itay0103----ba 101 0 $aita 102 $aIT 105 $a-|||||||001yy 200 1 $aStato e rivoluzione$eLa dottrina marxista dello Stato e i compiti del proletariato nella rivoluzione$fLenin Nikolaj$gA cura di Valentino Gerratana 205 $a3. ed 210 $aRoma$cRiuniti$d1981 215 $a207 p.$d20 cm 410 0$12001 454 1$12001 461 1$1001-------$12001 606 0 $aStato$xConcezione marxista 676 $a321.84 700 1$aLENIN,$bNikolaj$0444392 702 1$aGERRATANA,$bValentino 801 0$aIT$bsalbc$gISBD 912 $a990001749720203316 951 $aX.3. Coll.7/ 1(IV A Coll. 5/1)$b10477 L.M.$cIV A 951 $aX.3. Coll.7/ 1a(IV A coll.5/1bis)$b10478 L.M.$cIV A 959 $aBK 969 $aUMA 996 $aStato e rivoluzione$9825262 997 $aUNISA LEADER 01338nam 2200457 n 450 001 996385463003316 005 20240328222231.0 035 $a(CKB)1000000000611098 035 $a(EEBO)2248534694 035 $a(UtSlPG)27660 035 $a(UnM)99865164 035 $a(NjHacI)991000000000611098 035 $a(EXLCZ)991000000000611098 100 $a19940124d1649 uy | 101 0 $aeng 135 $aurbn#|||a|bb| 181 $ctxt$2rdacontent 182 $cc$2rdamedia 183 $acr$2rdacarrier 200 02$aA book without a title$b[electronic resource] 210 $a[London $cs.n.$d1649] 210 1$aLondon :$c[publisher not identified],$d1649. 215 $a8 p 300 $aCaption title. 300 $aImprint from Wing. 300 $aAnnotation on Thomason copy: "June 12 1649". 300 $aReproduction of the original in the British Library. 330 $aeebo-0018 606 $aNewspapers 607 $aGreat Britain$xHistory$yCommonwealth and Protectorate, 1649-1660$vNewspapers 615 0$aNewspapers. 676 $a070.1 700 $aNathan$b George Jean$f1882-1958,$01731920 801 0$bCu-RivES 801 1$bCu-RivES 801 2$bCStRLIN 801 2$bWaOLN 906 $aBOOK 912 $a996385463003316 996 $aA book without a title$94145311 997 $aUNISA